| 000 | 02862cam a2200481 a 4500 | ||
|---|---|---|---|
| 999 |
_c328574 _d328574 |
||
| 001 | 11917297 | ||
| 003 | Nust | ||
| 005 | 20170412115331.0 | ||
| 008 | 000222m20009999enka b 001 0 eng | ||
| 010 | _a 00025689 | ||
| 020 | _a978-1853263972 | ||
| 040 |
_aDLC _cDLC _dDLC |
||
| 050 | 0 | 0 |
_aPR5810 _b.G00 2000 |
| 082 | 0 | 0 |
_a828.809 _bWIL |
| 100 | 1 |
_aWilde, Oscar, _d1854-1900. |
|
| 240 | 1 | 0 |
_aWorks. _f2000 |
| 245 | 1 | 4 |
_aThe complete works of Oscar Wilde / _cOscar wilde; |
| 260 |
_aOxford ; _aNew York : _bOxford University Press, _c2000 |
||
| 300 |
_a1109 p. _c30 cm. |
||
| 504 | _aIncludes bibliographical references and indexes. | ||
| 505 | 1 | _av. 1. Poems and poems in prose / edited by Bobby Fong and Karl Beckson -- v. 2. De profundis, "Epistola : in carcere et vinculis" / edited by Ian Small -- v. 3. The picture of Dorian Gray : the 1890 and 1891 texts / edited by Joseph Bristow -- v. 4. Criticism : Historical criticism, Intentions, The soul of man / edited by Josephine M. Guy -- v. 5. The Duchess of Padua, Salomé: drame in un acte, Salome: tragedy in one act / edited by Joseph Donohue. -- v. 6. Journalism: Part I -- v. 7. Journalism: Part II / edited by John Stokes and Mark W. Turner. | |
| 650 | _aEnglish literature | ||
| 700 | 1 |
_aJackson, Russell, _d1949- |
|
| 700 | 1 | _aSmall, Ian. | |
| 700 | 1 | _aFong, Bobby. | |
| 700 | 1 |
_aBeckson, Karl E., _d1926- |
|
| 700 | 1 | _aBristow, Joseph. | |
| 700 | 1 |
_aGuy, Josephine M., _d1963- |
|
| 700 | 1 |
_aDonohue, Joseph W., _cJr. _q(Joseph Walter), _d1935- |
|
| 700 | 1 |
_aStokes, John, _d1943- |
|
| 700 | 1 | _aTurner, Mark W. | |
| 856 | 4 | 2 |
_3Publisher description _uhttp://www.loc.gov/catdir/enhancements/fy0610/00025689-d.html |
| 856 | 4 | 1 |
_3Table of contents only _uhttp://www.loc.gov/catdir/enhancements/fy0610/00025689-t.html |
| 906 |
_a7 _bcbc _corignew _d1 _eocip _f20 _gy-gencatlg |
||
| 942 |
_2ddc _cBK |
||